000 00186 a2200097 4500
020 _a9789584517517
041 _aspa
100 _aKeiko Kasza
245 _aUna Cena Elegante
942 _cBK
999 _c15216
_d15216